Biblioteca

Investigación sobre el conocimiento humano / David Hume ; Jaime de Salas Ortueta, Traducción, prólogo y notas (Registro nro. 32193)

Detalles MARC
000 -LÍDER
Campo fijo de descripción fija 011050000a22002170004500
020 ## - NÚMERO INTERNACIONAL NORMALIZADO PARA LIBROS
Número Internacional Normalizado del libro 84-206-1787-3
041 0# - CÓDIGO DE IDIOMA
Código de idioma para texto/pista de sonido o título separado
082 04 - NÚMERO DE CLASIFICACIÓN DECIMAL DEWEY
Número de clasificación G 140 H921i
001 - NÚMERO DE CONTROL
Campo de control 732
100 1# - ASIENTO PRINCIPAL--NOMBRE PERSONAL
Nombre personal Hume, David (1711-1776)
245 10 - TÍTULO
Título del Material Investigación sobre el conocimiento humano / David Hume ; Jaime de Salas Ortueta, Traducción, prólogo y notas
260 ## - PUBLICACIÓN, DISTRIBUCIÓN, ETC. (PIE DE IMPRENTA)
Lugar de publicación, distribución, etc. Madrid, España : Alianza
300 ## - DESCRIPCIÓN FÍSICA
Extensión 192 Pag.
336 ## - CONTENT TYPE
Content type term texto
Content type code txt
Source rdacontent
337 ## - MEDIA TYPE
Source rdamedia
Media type term sin mediación
Media type code n
338 ## - CARRIER TYPE
Source rdacarrier
Carrier type term volumen
Carrier type code nc
500 ## - NOTA GENERAL
Nota General Título original : Enquiry concerning the human understading
505 00 - NOTA DE CONTENIDO
Nota de contenido con formato preestablecido de las distintas clases de filosofía -- sobre el origen de las ideas -- de la asociación de ideas -- dudas escépticas acerca de las operaciones del entendimiento -- solución escépticas de estas dudas -- de la probabilidad -- de la idea de conexión necesaria -- de la libertad y de la necesidad -- de la razón de los animales -- de los milagros -- de la providencia y de la vida futura -- de la filosofía académica o escéptica
650 14 - ASIENTO SECUNDARIO DE MATERIA - TERMINO TEMÁTICO
Término temático o nombre geográfico como elemento de entrada TEORIA DEL CONOCIMIENTO \ ETICA
942 ## - TIPO DE MATERIAL (KOHA)
Tipo de Item KOHA Libros General
Existencias
Estado de Material Estado de Perdido Estado de Dañado No para Préstamo Colección Tomo Biblioteca de Origen Biblioteca Permanente Fecha de Adquisición Total de Préstamos Signatura Topográfica Código de Barras Última vez visto Última vez Préstado Ejemplar/Existencia Fecha de Remplazo Tipo de Material Total de Renovaciones Forma de Clasificación
        Colección General   Biblioteca FUSBC Biblioteca FUSBC 22/09/2004 3 G 140 H921i 215 07/03/2022 28/01/2022 1 26/01/2016 Libros General    
        Colección General   Biblioteca FUSBC Biblioteca FUSBC 22/09/2004 1 G 140 H921i 217 16/05/2025 01/04/2025 3 26/01/2016 Libros General 2  
        Colección General   Biblioteca FUSBC Biblioteca FUSBC 22/09/2004 1 G 140 H921i 216 03/06/2020 03/06/2020 2 26/01/2016 Libros General   Dewey Decimal Classification

Biblioteca FUSBC | Teléfono: (57+4) 349 88 10 Ext. 141| WhatsApp (+57) 3005338115 
E-mail: biblioteca@unisbc.edu.co | Calle 76 87-14 Robledo Palenque, Medellín, Colombia

Con tecnología Koha